000 01195nam a2200313 4500
001 170845
003 ES-MaACL
005 20250716063334.0
007 t|
008 090408s1958 fr r ||||1| fre d
080 _a239"16"
080 _a821.133.1-97"16"
100 1 _aPascal, Blaise,
_d1623-1662
_989307
245 1 0 _aPensées /
_cPascal ; texte de l'édition Brunschvicg ; [édition precédé de la Vie de Pascal, par Mme Périer, sa soeur] ; introduction et notes par Ch.-Marc des Granges.
246 1 5 _aPensées de Pascal
260 _aParis :
_bGarnier Frères,
_c1958.
300 _a[8] p. de lám., X, 342 p. ;
_c19 cm.
490 1 _aClassiques Garnier
500 _aDescripción basada en la cub.
599 _aLám.: retr. de Pascal, plan., facs.
600 1 4 _aPascal, Blaise,
_d1623-1662
_989307
650 0 4 _aApologética-
_vObras anteriores a 1800.
_99922
700 1 _aBrunschvicg, Léon,
_d1853-1904
_932207
700 0 _aDes Granges, Charles-Marc.
_943812
700 1 _aPérier, Marguerite.
_9139764
830 0 _aClassiques Garnier
_9184859
852 1 _aBA
_jE-12559
_9R.140141
_z. - Biblioteca Jacinto Martínez Lacalle
999 _c170845
_d170845